[Event "CZE-chT U20 Extraliga West 1415"]
[Site "Czech Republic"]
[Date "2015.01.24"]
[Round "7.5"]
[White "Blazek, Michal"]
[Black "Nemcova, Kamila"]
[Result "0-1"]
[WhiteElo "1632"]
[BlackElo "1660"]
[PlyCount "40"]
[EventDate "2014.10.11"]
[EventType "team-tourn"]
[EventRounds "11"]
[EventCountry "CZE"]
[SourceTitle "EXT 2021"]
[Source "ChessBase"]
[SourceDate "2020.10.23"]
[SourceVersion "1"]
[SourceVersionDate "2020.10.23"]
[SourceQuality "1"]
[WhiteTeam "Hradec Kralove Ortex (U20)"]
[BlackTeam "Praha Promat Oaza (U20)"]
[WhiteTeamCountry "CZE"]
[BlackTeamCountry "CZE"]

1. Nc3 d5 2. e4 d4 3. Nce2 e5 4. d3 Bd6 5. f4 f6 6. fxe5 fxe5 7. Nf3 Nf6 8. Ng3 Bb4+ 9. Nd2 Ng4 10. a3 Qf6 11. Qe2 Ne3 12. axb4 Nxc2+ 13. Kd1 Nxa1 14. Nf3 Bg4 15. h3 Bxf3 16. gxf3 Nb3 17. Rg1 Nxc1 18. Kxc1 Rf8 19. Nh5 Qh6+ 20. f4 g6 0-1